Op-Amps And Linear Integrated Circuits (Record no. 307364)
[ view plain ]
| 000 -LEADER | |
|---|---|
| fixed length control field | 00437nam a2200169Ia 4500 |
| 008 - FIXED-LENGTH DATA ELEMENTS--GENERAL INFORMATION | |
| fixed length control field | 230718s9999 xx 000 0 und d |
| 041 ## - LANGUAGE CODE | |
| Language code of text/sound track or separate title | eng |
| 082 ## - DEWEY DECIMAL CLASSIFICATION NUMBER | |
| Classification number | 621.3815 |
| Item number | GAY |
| 100 ## - MAIN ENTRY--PERSONAL NAME | |
| Personal name | Gayakwad R.A. |
| 245 ## - TITLE STATEMENT | |
| Title | Op-Amps And Linear Integrated Circuits |
| 250 ## - EDITION STATEMENT | |
| Edition statement | 4th ed. |
| 260 ## - PUBLICATION, DISTRIBUTION, ETC. (IMPRINT) | |
| Date of publication, distribution, etc. | 2003 |
| Name of publisher, distributor, etc. | Prentice Hall Of India |
| 300 ## - PHYSICAL DESCRIPTION | |
| Extent | 543 |
| 365 ## - TRADE PRICE | |
| Currency code | Rs. |
| Price amount | 195.00 |
| 700 ## - ADDED ENTRY--PERSONAL NAME | |
| Personal name | Gayakwad R.A. |
| 906 ## - LOCAL DATA ELEMENT F, LDF (RLIN) | |
| d | B:1974202-Mar-2004 |
| c | ETC |
| b | 39 |
| Withdrawn status | Lost status | Damaged status | Not for loan | Home library | Current library | Date acquired | Vendor | Budget Code | Cost, normal purchase price | Bill number | Total Checkouts | Full call number | Barcode | Date last seen | Date last checked out | Discount | Cost, replacement price | Bill Date | Koha item type | Original Barcode | Source of classification or shelving scheme |
|---|---|---|---|---|---|---|---|---|---|---|---|---|---|---|---|---|---|---|---|---|---|
| Cummins College of Engineering for Women Pune | Cummins College of Engineering for Women Pune | 18/03/2004 | Pradeep Book Distributors | ETC | 156.00 | 19742 | 2 | 621.3815 | CCEP-BK-18571 | 12/12/2024 | 27/11/2024 | 39 | 195.00 | 02/03/2004 | Books | 018571 | |||||
| Cummins College of Engineering for Women Pune | Cummins College of Engineering for Women Pune | 23/09/2023 | 115 | 243.75 | 2 | 621.3815 GAY | CCEP-BK-65299 | 29/12/2025 | 02/09/2025 | 325.00 | 06/09/2023 | Books | Dewey Decimal Classification | ||||||||
| Cummins College of Engineering for Women Pune | Cummins College of Engineering for Women Pune | 23/09/2023 | 115 | 243.75 | 2 | 621.3815 GAY | CCEP-BK-65297 | 02/01/2024 | 06/10/2023 | 325.00 | 06/09/2023 | Books | Dewey Decimal Classification | ||||||||
| Cummins College of Engineering for Women Pune | Cummins College of Engineering for Women Pune | 23/09/2023 | 115 | 243.75 | 2 | 621.3815 GAY | CCEP-BK-65301 | 19/12/2023 | 03/10/2023 | 325.00 | 06/09/2023 | Books | Dewey Decimal Classification | ||||||||
| Cummins College of Engineering for Women Pune | Cummins College of Engineering for Women Pune | 23/09/2023 | 115 | 243.75 | 1 | 621.3815 GAY | CCEP-BK-65300 | 03/01/2024 | 06/10/2023 | 325.00 | 06/09/2023 | Books | Dewey Decimal Classification | ||||||||
| Cummins College of Engineering for Women Pune | Cummins College of Engineering for Women Pune | 23/09/2023 | 115 | 243.75 | 1 | 621.3815 GAY | CCEP-BK-65298 | 19/12/2023 | 05/10/2023 | 325.00 | 06/09/2023 | Books | Dewey Decimal Classification |